00791nam a2200205 4500001000400000003000800004005001700012008004100029035002300070035001700093040002700110041000800137082002400145111008900169245010700258260005200365300001800417500012600435650002400561895BD-RjUL20211208233238.0131123s1950 mau 100 0 eng d a(OCoLC)ocm00739079 a(BD-RjUL)917 aMIAcMIAdBD-RjULbeng aeng 216a027.7bPLA 19502 aConference on the Place of the Library in a Universityd(1949 :cHarvard University)14aThe place of the library in a university,ba conference held at Harvard University, 30-31 March, 1949. aCambridge,bHarvard University Library,cc1950. a72 p.c26 cm. a"Reprinted from the ... Harvard Library bulletin, vol. III, nos. 2-3 (Spring, Autumn 1949), vol. IV, no. 1 (Winter 1950)" 0aAcademic libraries.